00464nam a2200181 a 4500001001300000003000900013005001700022008004100039020000900080082001300089245005500102260003000157300000900187500003500196505001200231650002300243710001600266nice12345678IN_TiNIC20260116011755.0050524s1981 dela grp 000 0 eng  ac2500a297bKIT aBook of Islamb Prophet, Angels and Moral Teaching aDelhibKitab Bhavanc1981 a117p aincludes index and biblioraphy2 a3 parts aIslam-Meccan Trade2 aKita Bhavan